| 000 | 01739nam a22003734a 4500 | ||
|---|---|---|---|
| 001 | ebr10308173 | ||
| 003 | CaPaEBR | ||
| 006 | m u | ||
| 007 | cr cn||||||||| | ||
| 008 | 070807s2008 maua sb 001 0 eng | ||
| 010 | _z 2007032641 | ||
| 016 | 7 |
_z101313695 _2DNLM |
|
| 020 | _z9781405139748 (pbk. : alk. paper) | ||
| 020 | _z1405139749 (pbk. : alk. paper) | ||
| 040 |
_aCaPaEBR _cCaPaEBR |
||
| 035 | _a(OCoLC)416638270 | ||
| 050 | 1 | 4 |
_aR119 _b.F76 2008eb |
| 082 | 0 | 4 |
_a610.72/7 _222 |
| 100 | 1 |
_aFreeman, Jenny V. _q(Jenny Vanessa) |
|
| 245 | 1 | 0 |
_aHow to display data _h[electronic resource] / _cJenny V. Freeman, Stephen J. Walters, Michael J. Campbell. |
| 260 |
_aMalden, Mass : _bBMJ Books, _c2008. |
||
| 300 |
_avii, 109 p. : _bill. |
||
| 504 | _aIncludes bibliographical references and index. | ||
| 505 | 0 | _aIntroduction to data display -- How to display data badly -- Displaying univariate categorical data -- Displaying quantitative data -- Displaying the relationship between two continuous variables -- Data in tables -- Reporting study results -- Time series plots and survival curves -- Displaying results in presentations. | |
| 533 |
_aElectronic reproduction. _bPalo Alto, Calif. : _cebrary, _d2013. _nAvailable via World Wide Web. _nAccess may be limited to ebrary affiliated libraries. |
||
| 650 | 0 | _aMedical writing. | |
| 650 | 0 | _aMedical statistics. | |
| 650 | 0 |
_aMedicine _xResearch _xStatistical methods. |
|
| 655 | 7 |
_aElectronic books. _2local |
|
| 700 | 1 | _aWalters, Stephen John. | |
| 700 | 1 |
_aCampbell, Michael J., _cPhD. |
|
| 710 | 2 | _aebrary, Inc. | |
| 856 | 4 | 0 |
_uhttp://site.ebrary.com/lib/rucke/Doc?id=10308173 _zAn electronic book accessible through the World Wide Web; click to view |
| 999 |
_c175330 _d175330 |
||